000 00555nam a2200217 a 4500
001 0001-2346
003 ELIB.Books
008 190817 2010 eng
020 _aKBTS
092 _aB
_bShe
100 _aShea, George Beverly.
245 _aThen Sings my Soul
260 _aOld Tappan, New Jersey
_bFleming H. Revell Company
_c1968
300 _a176
_c21cm
650 _aBiography
856 _nKBTS Library
_uKBTS Elib
942 _2ddc
_cBK
990 _a1
998 _aEnglishbooks.elf
_ccat
_e2019-08-17
999 _c12346
_d12346